एक अनमोल साथी के लिए / (Record no. 62424)
[ view plain ]
| 000 -LEADER | |
|---|---|
| fixed length control field | 03963nam a22003737a 4500 |
| 005 - DATE AND TIME OF LATEST TRANSACTION | |
| control field | 2012020905035.0 |
| 010 ## - LCCN (DPL NO) | |
| LC control number | B-473422-432 |
| 020 ## - INTERNATIONAL STANDARD BOOK NUMBER | |
| Terms of availability | 250.00 |
| International Standard Book Number | 9788189934521 |
| 035 ## - SYSTEM CONTROL NUMBER | |
| System control number | B-473422-432 |
| 037 ## - SOURCE OF ACQUISITION | |
| Source of stock number/acquisition | ब्लूबेरी बुक्स |
| 082 ## - DEWEY DECIMAL CLASSIFICATION NUMBER | |
| Classification number | क |
| 100 ## - MAIN ENTRY--PERSONAL NAME | |
| Personal name | रोज़ालिंड विलसन |
| 245 ## - TITLE STATEMENT | |
| Title | एक अनमोल साथी के लिए / |
| Statement of responsibility, etc | रोज़ालिंड विलसन;वेन सू द्वारा चित्रांकित |
| 260 ## - PUBLICATION, DISTRIBUTION, ETC. (IMPRINT) | |
| Place of publication, distribution, etc | नई दिल्ली |
| Name of publisher, distributor, etc | कथा |
| Date of publication, distribution, etc | 2010 |
| 270 ## - ADDRESS | |
| Address | ए-3 सर्वोदय एनक्लेव, श्री औरोबिन्दो मार्ग |
| City | नई दिल्ली |
| Postal code | 110017 |
| 300 ## - PHYSICAL DESCRIPTION | |
| Extent | अ.पृ. |
| Other physical details | सचित्र |
| Dimensions | 28सेमी (अजिल्द) |
| 700 ## - ADDED ENTRY--PERSONAL NAME | |
| Personal name | वेन सू |
| 9 (RLIN) | 41293 |
| 700 ## - ADDED ENTRY--PERSONAL NAME | |
| 9 (RLIN) | 41305 |
| 700 ## - ADDED ENTRY--PERSONAL NAME | |
| 9 (RLIN) | 41360 |
| 942 ## - ADDED ENTRY ELEMENTS (KOHA) | |
| Source of classification or shelving scheme | Dewey Decimal Classification |
| Item type | Children Books |
| Classification part | क |
| Call number suffix | रोज़ालिं |
| Withdrawn status | Lost status | Not for loan | Home library | Current library | Date acquired | Cost, normal purchase price | Full call number | Cost, replacement price | Koha item type | Collection code | Source of acquisition | Barcode | Copy number |
|---|---|---|---|---|---|---|---|---|---|---|---|---|---|
| Ordered | Andrews Gunj | Andrews Gunj | 09/02/2012 | 250.00 | क रोज़ालिं | 250.00 | Children Books | ||||||
| Bagh Kadhe Khan | Bagh Kadhe Khan | 03/08/2012 | 250.00 | क रोज़ालिं | 250.00 | Children Books | Fiction | ब्लूबेरी बुक्स/IN8255/29.03.12/43/20.03.12/30.03.12 | B-473430 | 1 | |||
| Bawana | Bawana | 03/08/2012 | 250.00 | क रोज़ालिं | 250.00 | Children Books | Fiction | ब्लूबेरी बुक्स/IN8255/29.03.12/43/20.03.12/30.03.12 | B-473428 | 1 | |||
| Bawana | Bawana | 03/08/2012 | 250.00 | क रोज़ालिं | 250.00 | Children Books | Fiction | ब्लूबेरी बुक्स/IN8255/29.03.12/43/20.03.12/30.03.12 | B-473432 | 1 | |||
| Central Library | Central Library | 03/08/2012 | 250.00 | क रोज़ालिं | 250.00 | Children Books | Fiction | ब्लूबेरी बुक्स/IN8255/29.03.12/43/20.03.12/30.03.12 | B-473422 | 1 | |||
| Janak Puri | Janak Puri | 03/08/2012 | 250.00 | क रोज़ालिं | 250.00 | Children Books | Fiction | ब्लूबेरी बुक्स/IN8255/29.03.12/43/20.03.12/30.03.12 | B-473425 | 1 | |||
| Kasturba Gandhi Marg | Kasturba Gandhi Marg | 03/08/2012 | 250.00 | क रोज़ालिं | 250.00 | Children Books | Fiction | ब्लूबेरी बुक्स/IN8255/29.03.12/43/20.03.12/30.03.12 | B-473424 | 1 | |||
| Narela | Narela | 03/08/2012 | 250.00 | क रोज़ालिं | 250.00 | Children Books | Fiction | ब्लूबेरी बुक्स/IN8255/29.03.12/43/20.03.12/30.03.12 | B-473431 | 1 | |||
| Withdrawn | New Rohtak Road | New Rohtak Road | 03/08/2012 | 250.00 | क रोज़ालिं | 250.00 | Children Books | Fiction | ब्लूबेरी बुक्स/IN8255/29.03.12/43/20.03.12/30.03.12 | B-473429 | 1 | ||
| Patel Nagar | Patel Nagar | 03/08/2012 | 250.00 | क रोज़ालिं | 250.00 | Children Books | Fiction | ब्लूबेरी बुक्स/IN8255/29.03.12/43/20.03.12/30.03.12 | B-473423 | 1 | |||
| Sarojini Nagar | Sarojini Nagar | 03/08/2012 | 250.00 | क रोज़ालिं | 250.00 | Children Books | Fiction | ब्लूबेरी बुक्स/IN8255/29.03.12/43/20.03.12/30.03.12 | B-473426 | 1 | |||
| Vinoba Puri | Vinoba Puri | 03/08/2012 | 250.00 | क रोज़ालिं | 250.00 | Children Books | Fiction | ब्लूबेरी बुक्स/IN8255/29.03.12/43/20.03.12/30.03.12 | B-473427 | 1 |
